Eléments de microéconomie (notice nᵒ 22665)
[ vue normale ]
| 000 -LEADER | |
|---|---|
| fixed length control field | 00536nam a2200193Ia 4500 |
| 005 - DATE AND TIME OF LATEST TRANSACTION | |
| control field | 20171221042841.0 |
| 020 ## - ISBN | |
| ISBN | 978-2-7076-1510-7 |
| 037 ## - SOURCE D'ACQUISITION | |
| Cote | BC_682 41 |
| 040 ## - SOURCE DU CATALOGAGE | |
| Origine cataloguage | BC-ENSA |
| Langue du catalogage | fre |
| 041 ## - CODE DE LANGUE | |
| Langue | Français |
| 100 ## - VEDETTE PRINCIPALE - AUTEUR PRINCIPAL | |
| Auteur | PICARD, Pierre |
| 245 ## - MENTION DU TITRE | |
| Titre | Eléments de microéconomie |
| Volume | 1 vol. |
| Titre partie | théorie et applications |
| 250 ## - MENTION D'ÉDITION | |
| Mention d'édition | 7eme éd. |
| 260 ## - PUBLICATION, DIFFUSION, ETC. (ADRESSE BIBLIOGRAPHIQUE) | |
| Nom de l'éditeur | Montchrestien |
| Lieu d'édition | Paris |
| Année d'édition | 2007 |
| 300 ## - DESCRIPTION MATÉRIELLE | |
| Illustration | ill. |
| Nombre de pages | 597 p. |
| Format | 22 cm |
| 562 ## - NOTE D'IDENTIFICATION DES EXEMPLAIRES ET VERSIONS | |
| Numbre d' exemplaire | 1 exemplaire(s) |
| 942 ## - ADDED ENTRY ELEMENTS (KOHA) | |
| Type document | Ouvrage |
| 653 ## - DESCRIPTEUR LIBRE | |
| Mots clés libres | ECONOMIE/MARCHE/CONCURRENCE PARFAITE/MONOPOLE |
| statut de retrait | Statut | emplacement permanent | Localisation actuelle | Cote | code à barre | Koha type d'élément |
|---|---|---|---|---|---|---|
| Bibliothèque Centrale | Bibliothèque Centrale | BC_682 41 | BC_682 41 | Ouvrage |